Catalog

Record Details

Catalog Search



Proces proti dvanácti miliónům  Cover Image Book Book

Proces proti dvanácti miliónům / Bohuslav Šnajder

Šnajder, Bohuslav (Author).

Record details

  • Physical Description: 142 s.
  • Edition: 1. vyd.
  • Publisher: Praha Tvorba 1990

Available copies

  • 1 of 1 copy available at Common Catalog SPOK.

Holds

  • 0 current holds with 1 total copy.
Show Only Available Copies
Location Call Number / Copy Notes Barcode Shelving Location Status Due Date
ETS Library 943.7042 424470008201 Volný výběr Available -

LDR 00654nam a2 00253
00138933
003CZ-PrJAB
00520040308000000.0
008001106s1990 xr e |||| |cze
009cz
035 . ‡a(CONS)7366
035 . ‡aKPS7540
040 . ‡aABG450
041 . ‡acze
08214. ‡a943.7042
100 . ‡71903 ‡aŠnajder, Bohuslav
245 . ‡aProces proti dvanácti miliónům / ‡cBohuslav Šnajder
250 . ‡a1. vyd.
260 . ‡aPraha ‡bTvorba ‡c1990
300 . ‡a142 s.
490 . ‡aTvorba uvádí
653 . ‡aProces dvanácti miliónům
8524 . ‡bETS ‡bETS ‡cVolný výběr ‡j943.7042 ‡gA ‡p424470008201
910 . ‡aABG450
999 . ‡a7366 ‡bAUTOGEN ‡c7366 ‡tbiblio
905 . ‡uadmin
901 . ‡a38933 ‡b ‡c38933 ‡tbiblio ‡sets

Additional Resources